|
|
|
|
| LEADER |
00000naa a2200000uu 4500 |
| 001 |
vtls010941575 |
| 003 |
SK-MaSNL |
| 005 |
20260302123222.0 |
| 008 |
210910|2003 xo |||||||||||||||||slo| |
| 015 |
|
|
|a SNBRA
|
| 035 |
|
|
|a (urnnbn)urn:nbn:sk:snk:ar-a0bc6v
|
| 035 |
|
|
|a (uuid)fef5b5af-adeb-43cc-acd6-44cdfe0896fd
|
| 035 |
|
|
|a urn:nbn:sk:snk-aau4gb
|
| 040 |
|
|
|a SNKBUCL
|b slo
|c SNKBUCL
|e AACR2
|
| 041 |
0 |
|
|a slo
|
| 044 |
|
|
|a xo
|c SK
|
| 100 |
1 |
|
|a Hornyák Gregáňová, Radomíra,
|d 1974-
|4 aut
|9 188634
|
| 245 |
1 |
0 |
|a ČÍSLO e VO VÝUČBE MATEMATIKY NA FEM SPU V NITRE
|c Radomíra Gregáňová
|
| 773 |
0 |
|
|t Matematika vo výučbe, výskume a praxi 2003
|d V Nitre : Slovenská poľnohospodárska univerzita, 2003
|g S. 49-52
|z 8080692033
|
| 958 |
|
|
|a OND
|
| 958 |
|
|
|a article11
|
| 958 |
|
|
|a chapter
|
| 999 |
|
|
|c 1281930
|d 1283860
|